Obálka Náhled e-knihy:
Epub
Pro půjčování e-knih musíte být přihlášeni.
Jak si půjčit online?

Povídky z jedné kapsy /

Sborník detektivních povídek z pera Karla Čapka patří ke skvostům české moderní prózy a právem náleží do zlatého fondu české literatury. Příběhy s kriminální zápletkou autor povýšil na studie člověčenství, které dokáží vždy překvapit a zaujmout. Náměty povídek jsou natolik originální, že byly mnohok...

Celý popis

Uloženo v:
Hlavní autor: Čapek, Karel (Autor)
Médium: E-kniha
Jazyk:Czech
Vydáno: Praha : Artis, 2022
Tagy:
Žádné tagy
LEADER 01277nam a22002297i 4500
001 311647
007 ta
008 260601s2022 xr ||||| |||| 00| 0 cze d
020 |a 9990003589774 
044 |a xr 
100 1 |a  Čapek, Karel  |4 aut 
245 1 0 |a Povídky z jedné kapsy /  |c  Čapek, Karel 
264 1 |a Praha :  |b Artis,  |c 2022 
300 |a 1 online zdroj (127 stran) 
336 |a text  |b txt  |2 rdacontent 
337 |a bez média  |b n  |2 rdamedia 
338 |a online zdroj  |b cr  |2 rdacarrier 
520 2 |a Sborník detektivních povídek z pera Karla Čapka patří ke skvostům české moderní prózy a právem náleží do zlatého fondu české literatury. Příběhy s kriminální zápletkou autor povýšil na studie člověčenství, které dokáží vždy překvapit a zaujmout. Náměty povídek jsou natolik originální, že byly mnohokrát použity pro filmové zpracování. 
910 |a RBIT002 
998 |d 358977  |a https://core.palmknihy.cz/api/books/358977/cover?rh9u2o  |b https://core.palmknihy.cz/api/books/358977/cover/400?rh9u2o  |c https://core.palmknihy.cz/api/books/358977/cover/50?rh9u2o  |e 2099-12-01  |g 127  |i 9990003589774  |j https://core.palmknihy.cz/api/books/358977/preview.epub  |l   |q 49  |r 1  |s https://www.palmknihy.cz/kniha/358977  |t ebook  |y 2022  |z 1 
999 |d 311645